000 00527nam a2200193Ia 4500
005 20250326141721.0
008 250326s9999 xx 000 0 und d
020 _a1-55542-183-0
037 _aTextbook
040 _aFMSL
_beng
_cFMSL
041 _aeng
_2eng
084 _aX:97obT M9
_qFMSL
100 _aLondon M
_9744627
245 0 _aManaging the training enterprise
_cLondon M
260 _aOxford
_bOxford, Jossey-Bass
_c1989
300 _a363p
942 _cTB
_hX:97obT M9
999 _c1291638
_d1291638